000 02288nam a22002897a 4500
999 _c6441
_d6441
003 OSt
005 20200212163608.0
008 200206s2004 ck a|||gr|||| 00| 0 spa d
020 _a9583366102
040 _aCO-JMCR
_cCO-JMCR
041 0 _aspa
082 _a658.4092 /
_bM26j
_221
100 1 _aMartínez Bermúdez, Rigoberto,
_eautor
_9220
245 1 3 _aEl jefe líder :
_bdirección exitosa de los equipos de trabajo /
_cRigoberto Martínez Bermúdez ; editor Henry A. Rodríguez B.
250 _aPrimera edición
260 _aBogotá :
_bGrupo Ecomedios,
_c2004
300 _a210 páginas :
_bilustraciones a blanco y negro ;
_c22 cm.
500 _aIncluye datos biográficos del autor.
504 _aBibliografía: páginas 205-206
505 0 _aCompetencias básicas del jefe -- El jefe como líder -- Gerencia total -- Comportamiento ético -- Las actitudes de jefe -- proyecto de vida del jefe -- Aprendizaje y desaprendizaje continuo -- Gerencia del conocimiento -- Negociación -- Trabajo en equipo -- Empoderamiento -- Clima organizacional -- Comunicación -- Resistencia al cambio -- Manejo del tiempo -- El jefe organizado -- Motivación del personal -- Tratamiento de los conflictos en el trabajo -- Cómo tratar a los colaboradores problemáticos -- Cómo manejar los problemas de los colaboradores -- Cómo impartir instrucciones a los colaboradores y lograr que se cumplan -- Reuniones exitosas -- Toma de decisiones -- Manejo de estrés -- Hacía una jefatura sin errores
520 _a¿Dónde están los líderes? Esa es la pregunta que se formulan quienes van por la vida lamentándose ante la ausencia de un liderazgo capaz de transformar una dura realidad, en la que la sociedad se caracteriza por la desesperanza, el egoísmo, el desempeño, la falta de oportunidades y la desigualdad. Olvidan estas personas que si cada uno de nosotros se decide a crecer, a emerger de la mediocridad y a dar pasos firmes y seguros en medio de la incertidumbre, calladamente iremos conformando un ejército de líderes decidido a alcanzar un mundo mejor y a luchar día día por él.
650 1 4 _aLiderazgo
_9221
650 1 4 _aLiderazgo empresarial
_9222
650 1 4 _aManejo de personal
_9223
700 _aRodríguez B., Henry A.,
_eeditor
_9224
942 _2ddc
_cBK